000 00992nac a22002897a 4500
001 BR7803680
003 BR-BrBNA
005 20240105114237.0
008 230509b bl.|||m| |||| 00| 0 por d
040 _aBR-BrBNA
_bpor
_cBiblioteca Nacional de Agricultura
072 _aE70
090 _a5213 BR7803680
110 1 _aEmpresa Brasileira de Pesquisa Agropecuaria, Brasilia, DF. Depto. de Difusao de Tecnologia
_93869
245 1 _aPecuaria de corte: uma abordagem conjuntural. Dezembro 1978 [Mercado; Preco; Brasil]
_bInforme especial
260 3 _aBrasilia, DF (Brasil):
_c1978.
300 _a31 p.
490 _aSerie Economia - Empresa Brasileira de Pesquisa Agropecuaria (Brazil)
_vno. 6
_x
500 _a7 tables; Summary (Pt)
650 _aComercializacao
650 _aGado de corte
650 _aPecuaria de corte
650 _aMercado
650 _aAbastecimento
650 _aPreco medio
909 _a202312
_bLúcia Elande
_c55
_dLúcia Elande
942 _2AGRIS
_n0
_cMS
999 _c268222
_d268222